[Event "Kandidatklassen 2015"]
[Site "Svendborg"]
[Date "2015.04.06"]
[Round "7"]
[White "Aabling Thomsen, Jakob"]
[Black "Dyrgaard, Kristoffer"]
[Result "1/2-1/2"]
[WhiteElo "2333"]
[BlackElo "2256"]
[PlyCount "134"]
[EventDate "2015.??.??"]

1. e4 c5 2. Nf3 Nc6 3. g3 g6 4. Bg2 Bg7 5. O-O Nf6 6. Re1 O-O 7. c3 e5 8. d4
cxd4 9. cxd4 exd4 10. Nxd4 d5 11. Nxc6 bxc6 12. Nc3 Rb8 13. exd5 Nxd5 14. Nxd5
cxd5 15. Bxd5 Qa5 16. Re7 Bg4 17. Qxg4 Qxd5 18. Rxa7 Rfe8 19. Bf4 Rxb2 20. Qd7
Qxd7 21. Rxd7 Rxf2 22. Kxf2 Bxa1 23. Bh6 Ra8 24. Rd2 Bg7 25. Be3 h5 26. Bc5 Bf8
27. Bd4 Bg7 28. Be3 Bf8 29. Rc2 Bd6 30. Kf3 Kg7 31. Bd4+ f6 32. Ke4 Re8+ 33.
Kd5 Rd8 34. Ke6 Be5 35. Bc5 Ra8 36. a3 h4 37. g4 h3 38. Kd5 Rd8+ 39. Kc6 Rc8+
40. Kd5 Rd8+ 41. Ke6 Rc8 42. g5 Re8+ 43. Kd7 Ra8 44. gxf6+ Kxf6 45. Rf2+ Kg5
46. Ra2 Kg4 47. Ke6 Bf4 48. Kd5 g5 49. Ke4 Ra4+ 50. Kd3 Be5 51. Re2 Kf5 52.
Rf2+ Rf4 53. Rxf4+ Bxf4 54. Bg1 g4 55. a4 Bc7 56. Ke2 Ke4 57. Kf1 Kf3 58. a5 g3
59. hxg3 Bxa5 60. Bh2 Bb6 61. g4 Kxg4 62. Bc7 Kf3 63. Bd6 Bf2 64. Bc7 Bg3 65.
Bxg3 Kxg3 66. Kg1 h2+ 67. Kh1 Kh3 1/2-1/2

[Event "Kandidatklassen 2015"]
[Site "Svendborg"]
[Date "2015.04.06"]
[Round "7"]
[White "Thybo, Jesper Sondergaard"]
[Black "Matthiesen, Martin"]
[Result "0-1"]
[WhiteElo "2226"]
[BlackElo "2282"]
[PlyCount "134"]
[EventDate "2015.??.??"]

1. d4 Nf6 2. Nf3 d5 3. c4 c6 4. e3 Bf5 5. Nc3 e6 6. Nh4 Bg4 7. Qb3 Qb6 8. h3
Bh5 9. g4 Bg6 10. Nxg6 hxg6 11. Bg2 Nbd7 12. Bd2 O-O-O 13. f4 Be7 14. O-O-O
Qxb3 15. axb3 Bb4 16. Kc2 Kb8 17. Be1 Bd6 18. Bf3 Bc7 19. Rd2 Rh7 20. Rg2 Rdh8
21. h4 Ng8 22. Be2 Ne7 23. Rhg1 Rg8 24. Bd3 Nf6 25. h5 Rhh8 26. hxg6 fxg6 27.
Nb1 Rh3 28. Bb4 Re8 29. Kd2 Nfg8 30. Ke2 g5 31. fxg5 e5 32. dxe5 Bxe5 33. Nd2
Nc8 34. Nf3 Bf4 35. Bd2 Bxe3 36. Bxe3 d4 37. Ne1 Rhxe3+ 38. Kd2 Nd6 39. Rg3
Ne4+ 40. Bxe4 R3xe4 41. Nc2 Ne7 42. Re1 Rxe1 43. Nxe1 Ng6 44. Nd3 Ne5 45. Nf2
a5 46. Rh3 c5 47. Nd3 Nxd3 48. Kxd3 Re5 49. g6 Re6 50. Rh5 b6 51. Rf5 Rxg6 52.
g5 Kc7 53. Re5 Kd7 54. Rf5 Ke7 55. Rd5 Re6 56. Kd2 Re3 57. Rf5 Ke6 58. Rf8 Rxb3
59. Kc2 Rb4 60. g6 Rxc4+ 61. Kd2 Rb4 62. Kc1 d3 63. Rf7 c4 64. Rxg7 Kf6 65. Rg8
a4 66. Kb1 a3 67. Ka1 axb2+ 0-1

[Event "Kandidatklassen 2015"]
[Site "Svendborg"]
[Date "2015.04.06"]
[Round "7"]
[White "Moller, Sophus Mechlenburg"]
[Black "Olsen, Filip Boe"]
[Result "1-0"]
[WhiteElo "2051"]
[BlackElo "2062"]
[PlyCount "79"]
[EventDate "2015.??.??"]

1. e4 c6 2. d4 d5 3. exd5 cxd5 4. c4 Nf6 5. Nc3 e6 6. Nf3 Be7 7. cxd5 Nxd5 8.
Bd3 O-O 9. O-O b6 10. Nxd5 exd5 11. Bf4 Ba6 12. Rc1 Bxd3 13. Qxd3 Bd6 14. Ng5
g6 15. Qh3 h5 16. Ne6 fxe6 17. Qxe6+ Kh7 18. Bxd6 Rf6 19. Rc8 Rxe6 20. Rxd8 Nc6
21. Rxa8 Rxd6 22. Rd1 g5 23. a3 Rd7 24. b4 Kg7 25. Kf1 Nd8 26. Rc8 Ne6 27. Ke2
Nf4+ 28. Kd2 Re7 29. Re1 Rf7 30. Re5 g4 31. Rce8 Nxg2 32. R8e7 Nh4 33. Rxf7+
Kxf7 34. Rxh5 Nf3+ 35. Ke3 Ne1 36. Rxd5 Nc2+ 37. Kd3 Nxa3 38. Rd7+ Ke6 39. Rxa7
Nb5 40. Rb7 1-0

[Event "Kandidatklassen 2015"]
[Site "Svendborg"]
[Date "2015.04.06"]
[Round "7"]
[White "Hansen, Mads"]
[Black "Rossen, Claus"]
[Result "1/2-1/2"]
[WhiteElo "2273"]
[BlackElo "2172"]
[PlyCount "98"]
[EventDate "2015.??.??"]

1. e4 c5 2. Nf3 Nc6 3. d4 cxd4 4. Nxd4 e5 5. Nb5 a6 6. Nd6+ Bxd6 7. Qxd6 Qf6 8.
Qd2 Qg6 9. f3 Nge7 10. c4 O-O 11. Nc3 Nd4 12. Bd3 d6 13. O-O f5 14. b3 Bd7 15.
Bb2 Nec6 16. Nd5 Rae8 17. b4 fxe4 18. Bxe4 Bf5 19. Bxf5 Rxf5 20. f4 Ne6 21.
fxe5 dxe5 22. Rxf5 Qxf5 23. Rf1 Qe4 24. b5 axb5 25. cxb5 Ncd4 26. Qf2 Ne2+ 27.
Kh1 N2f4 28. Nxf4 Nxf4 29. Qf3 Qxf3 30. Rxf3 Rd8 31. h4 Nd3 32. Bc3 e4 33. Rg3
g6 34. h5 Kf7 35. hxg6+ hxg6 36. a4 Rc8 37. Bd2 Rc2 38. Be3 Ra2 39. Rh3 Rxa4
40. Rh7+ Ke6 41. Rxb7 Ra1+ 42. Kh2 Re1 43. Bg5 Ne5 44. Bf4 Rb1 45. Bxe5 Kxe5
46. b6 e3 47. Rb8 e2 48. Re8+ Kf5 49. Rxe2 Rxb6 1/2-1/2

[Event "Kandidatklassen 2015"]
[Site "Svendborg"]
[Date "2015.04.06"]
[Round "7"]
[White "Bekker Jensen, David"]
[Black "Nielsen, Viktor Haarmark"]
[Result "1-0"]
[WhiteElo "2228"]
[BlackElo "2097"]
[PlyCount "67"]
[EventDate "2015.??.??"]

1. d4 Nf6 2. c4 e6 3. Nc3 Bb4 4. e3 O-O 5. Nge2 d5 6. a3 Be7 7. cxd5 exd5 8.
Nf4 c6 9. Bd3 Na6 10. O-O Nc7 11. f3 Ne6 12. Nfe2 c5 13. Kh1 cxd4 14. exd4 Bd6
15. g4 h6 16. Rg1 Ng5 17. Qf1 Ne6 18. Qf2 g5 19. f4 Bc7 20. f5 Ng7 21. h4 Nfe8
22. hxg5 hxg5 23. Bd2 Bd7 24. Kg2 Bc6 25. Bc2 f6 26. Bb3 Qd6 27. Rh1 Bb6 28.
Qf3 Nc7 29. Qh3 Kf7 30. Qh7 Rg8 31. Ne4 Qe7 32. Qg6+ Kf8 33. Bb4 dxe4 34. Qf7#
1-0

[Event "Kandidatklassen 2015"]
[Site "Svendborg"]
[Date "2015.04.06"]
[Round "7"]
[White "Jacobsen, Mikkel Manosri"]
[Black "Bjerre, Jonas Buhl"]
[Result "1-0"]
[WhiteElo "2099"]
[BlackElo "2165"]
[PlyCount "99"]
[EventDate "2015.??.??"]

1. d4 Nf6 2. Nc3 d5 3. Bg5 Nbd7 4. e3 g6 5. Nf3 Bg7 6. Bd3 O-O 7. h4 h6 8. h5
hxg5 9. hxg6 Ne4 10. Nxe4 dxe4 11. Nxg5 Nf6 12. Bc4 e6 13. gxf7+ Rxf7 14. Nxe6
Bxe6 15. Bxe6 Qd6 16. Bxf7+ Kxf7 17. c3 Qd5 18. Qb3 Qxb3 19. axb3 a6 20. Ke2
Rg8 21. b4 Bf8 22. Rag1 Bd6 23. Rh4 Rg7 24. Rh8 Rg5 25. Rb8 Rb5 26. Ra1 b6 27.
Rxa6 Rg5 28. g3 Rf5 29. Ra1 Ng4 30. Rf1 Nh2 31. Rg1 Ng4 32. Rg2 Rf6 33. Rh8 Kg6
34. Rg8+ Kf5 35. f4 exf3+ 36. Kxf3 Nh6 37. Rg7 Ke6+ 38. Ke4 c6 39. b5 Nf5 40.
Rg5 Bc7 41. bxc6 Nd6+ 42. Kd3 b5 43. Re5+ Kf7 44. g4 Rf3 45. Ke2 Rh3 46. Rf2+
Kg6 47. Re7 Rh7 48. Rxh7 Kxh7 49. e4 Kg6 50. e5 1-0